[Event "WJCC U20 Girls 2019"]
[Site "New Delhi"]
[Date "2019.10.24"]
[Round "10.35"]
[White "Tamarozi, Isabelle"]
[Black "Shivika Rohilla"]
[Result "1-0"]
[WhiteElo "2029"]
[BlackElo "1721"]
[Annotator "NA RC"]
[PlyCount "111"]
[EventDate "2019.10.15"]
[EventType "swiss"]
[EventCountry "IND"]
[SourceTitle "playchess.com"]
[Source "ChessBase"]
[SourceQuality "1"]

1. e4 e5 2. Nf3 Nc6 3. Bb5 a6 4. Ba4 Nf6 5. O-O b5 6. Bb3 Be7 7. d4 d6 8. c3 exd4 9. cxd4 Bg4 10. Be3 Na5 11. Bc2 Nc4 12. Bc1 O-O 13. b3 Nb6 14. Nbd2 c5 15. d5 Nfd7 16. h3 Bf6 17. Rb1 Bh5 18. Re1 Ne5 19. g4 Bg6 20. Nf1 Nxf3+ 21. Qxf3 Re8 22. Ne3 Bc3 23. Bb2 Bxb2 24. Rxb2 Qe7 25. Ng2 Qe5 26. Rbb1 Rac8 27. Rbd1 c4 28. Qe3 cxb3 29. Bxb3 Nc4 30. Bxc4 Rxc4 31. f4 Qb2 32. f5 Qxa2 33. Ra1 Qb2 34. Rxa6 Qe5 35. Qf4 Qxf4 36. Nxf4 Bxf5 37. gxf5 h6 38. Rxd6 Rcxe4 39. Rxe4 Rxe4 40. Rd8+ Kh7 41. Ng2 b4 42. Kf2 b3 43. Rb8 Rd4 44. Ne3 Rd2+ 45. Ke1 Rd4 46. Rxb3 g6 47. fxg6+ Kxg6 48. Ke2 f5 49. Rd3 Re4 50. d6 Re8 51. d7 Rd8 52. Kf3 Kf6 53. Kf4 Ke6 54. Nxf5 Rxd7 55. Rxd7 Kxd7 56. Nxh6 1-0

[Event "WJCC U20 Girls 2019"]
[Site "New Delhi"]
[Date "2019.10.24"]
[Round "10.36"]
[White "Arushi Kotwal"]
[Black "Cosme Contreras, Trilce"]
[Result "0-1"]
[WhiteElo "1657"]
[BlackElo "2027"]
[Annotator "NA"]
[PlyCount "156"]
[EventDate "2019.10.15"]
[EventType "swiss"]
[EventCountry "IND"]
[SourceTitle "playchess.com"]
[Source "ChessBase"]
[SourceQuality "1"]

1. d4 Nf6 2. Nf3 g6 3. c4 Bg7 4. Nc3 O-O 5. e4 d6 6. Be2 e5 7. O-O Nc6 8. dxe5 dxe5 9. Bg5 Qxd1 10. Rfxd1 h6 11. Be3 Bg4 12. h3 Bxf3 13. Bxf3 Rfd8 14. Rxd8+ Rxd8 15. Nb5 Ne8 16. Nxa7 Nd4 17. Nb5 Nc2 18. Rd1 Rxd1+ 19. Bxd1 Nxe3 20. fxe3 Bf8 21. Be2 Bb4 22. a3 Bd2 23. Kf2 c6 24. Nc3 Bxc3 25. bxc3 Nd6 26. Bd3 c5 27. g4 Kg7 28. Kf3 Kf6 29. h4 Ke6 30. Kf2 Kd7 31. Ke1 Kc7 32. Kd2 b5 33. cxb5 c4 34. Be2 Kb6 35. a4 Ka5 36. Bd1 Nxe4+ 37. Kc2 f6 38. Bf3 Nd6 39. Kb2 f5 40. gxf5 Nxf5 41. h5 g5 42. e4 Nd6 43. Ka3 Nc8 44. Bd1 Nb6 45. Kb2 g4 46. Bxg4 Kxa4 47. Kc2 Kxb5 48. Bf5 Kc6 49. Bg4 Kd6 50. Kb2 Na4+ 51. Kc2 Ke7 52. Be2 Nb6 53. Kb2 Na4+ 54. Kc2 Nb6 55. Kb2 Kf6 56. Ka3 Kg5 57. Bd1 Kf4 58. Bc2 Nc8 59. Kb4 Nd6 60. Kc5 Nxe4+ 61. Kxc4 Nf2 62. Kd5 e4 63. Ba4 e3 64. Bb5 Ne4 65. Kd4 Ng3 66. Kd3 Kf3 67. Kc2 Nxh5 68. Kd1 Kf2 69. Bd3 Nf4 70. Bc4 e2+ 71. Bxe2 Nxe2 72. c4 h5 73. c5 Nd4 74. Kd2 h4 75. Kd3 Nc6 76. Kc4 h3 77. Kd5 Na5 78. c6 Nxc6 0-1

[Event "WJCC U20 Girls 2019"]
[Site "New Delhi"]
[Date "2019.10.24"]
[Round "10.38"]
[White "Djuric, Anja"]
[Black "Aouachria, Marwa"]
[Result "1-0"]
[WhiteElo "1493"]
[BlackElo "1839"]
[Annotator "NA RC"]
[PlyCount "85"]
[EventDate "2019.10.15"]
[EventType "swiss"]
[EventCountry "IND"]
[SourceTitle "playchess.com"]
[Source "ChessBase"]
[SourceQuality "1"]

1. e4 c5 2. Nf3 d6 3. d4 cxd4 4. Qxd4 Nc6 5. Bb5 Bd7 6. Bxc6 Bxc6 7. Nc3 Nf6 8. Bg5 Qc7 9. O-O-O e5 10. Qd3 Nd7 11. Be3 h6 12. Nd2 Nc5 13. Bxc5 dxc5 14. Nc4 Be7 15. Qg3 Bg5+ 16. Kb1 O-O 17. Qxe5 Qxe5 18. Nxe5 f5 19. Nxc6 bxc6 20. e5 Rfe8 21. Rd6 Rxe5 22. Rxc6 Rae8 23. a3 Bf6 24. Ka2 Be7 25. Rd1 Bf8 26. Ra6 Re1 27. Rxa7 Rxd1 28. Nxd1 Re2 29. Kb1 Bd6 30. g3 Re1 31. Kc1 Rh1 32. Rd7 Be5 33. a4 Kf8 34. c3 f4 35. Rd5 fxg3 36. hxg3 Bf6 37. Rxc5 Bg5+ 38. Kc2 Re1 39. a5 Re2+ 40. Kb3 Rd2 41. a6 Rxd1 42. a7 Rd8 43. Rb5 1-0

[Event "WJCC U20 Girls 2019"]
[Site "New Delhi"]
[Date "2019.10.24"]
[Round "10.39"]
[White "Noshin, Anjum"]
[Black "Onur, Cigdem"]
[Result "1/2-1/2"]
[WhiteElo "1793"]
[BlackElo "1913"]
[Annotator "NA RC"]
[PlyCount "65"]
[EventDate "2019.10.15"]
[EventType "swiss"]
[EventCountry "IND"]
[SourceTitle "playchess.com"]
[Source "ChessBase"]
[SourceQuality "1"]

1. e4 c5 2. Nf3 e6 3. d4 cxd4 4. Nxd4 a6 5. Nc3 b5 6. Bd3 Qb6 7. Nb3 Qc7 8. Bd2 Nf6 9. a3 Bb7 10. Qe2 d6 11. f4 Nbd7 12. O-O-O Be7 13. Rhf1 Nc5 14. Nxc5 dxc5 15. e5 Nd7 16. Be4 b4 17. Bxb7 Qxb7 18. axb4 cxb4 19. Qe4 Rb8 20. Qxb7 Rxb7 21. Na4 Nc5 22. Nxc5 Bxc5 23. Rf3 Ke7 24. Be3 Rc8 25. Bxc5+ Rxc5 26. Rd6 a5 27. Rdd3 g6 28. b3 Rbc7 29. Rf2 Ra7 30. Rfd2 Rac7 31. g3 h5 32. Kb2 Rc3 33. Rd6 1/2-1/2

[Event "WJCC U20 Girls 2019"]
[Site "New Delhi"]
[Date "2019.10.24"]
[Round "10.40"]
[White "Rousseau, Christilla"]
[Black "Levitan, Ronit"]
[Result "0-1"]
[WhiteElo "1648"]
[BlackElo "1893"]
[Annotator "NA RC"]
[PlyCount "76"]
[EventDate "2019.10.15"]
[EventType "swiss"]
[EventCountry "IND"]
[SourceTitle "playchess.com"]
[Source "ChessBase"]
[SourceQuality "1"]

1. d4 d5 2. Bf4 Nf6 3. e3 e6 4. c3 c5 5. Nd2 Bd6 6. Bg3 Qc7 7. Ngf3 Nbd7 8. Bd3 O-O 9. Bxd6 Qxd6 10. O-O e5 11. dxe5 Nxe5 12. Nxe5 Qxe5 13. Nf3 Qc7 14. h3 b6 15. Qc2 Bb7 16. Nd2 Rfe8 17. Rfe1 h6 18. Rad1 Qc6 19. Bf1 Rad8 20. Nf3 Ne4 21. Qb3 Qf6 22. Qa4 Bc8 23. Be2 a6 24. Rf1 b5 25. Qc2 Bb7 26. a4 Bc6 27. axb5 axb5 28. Ra1 Rb8 29. Ra7 b4 30. c4 dxc4 31. Bxc4 Nd6 32. Be2 b3 33. Qc1 c4 34. Nd4 Nb5 35. Nxc6 Qxc6 36. Ra1 Rec8 37. Ra4 Nd4 38. Qxc4 Nxe2+ 0-1

[Event "WJCC U20 Girls 2019"]
[Site "New Delhi"]
[Date "2019.10.24"]
[Round "10.41"]
[White "Rathi Dhanashree"]
[Black "Du Plessis, Anika"]
[Result "1-0"]
[WhiteElo "1692"]
[BlackElo "1594"]
[Annotator "NA RC"]
[PlyCount "49"]
[EventDate "2019.10.15"]
[EventType "swiss"]
[EventCountry "IND"]
[SourceTitle "playchess.com"]
[Source "ChessBase"]
[SourceQuality "1"]

1. d4 d5 2. Nf3 Nf6 3. e3 c5 4. b3 e6 5. Bd3 Nbd7 6. Bb2 Bd6 7. Nbd2 O-O 8. O-O b6 9. Ne5 Bb7 10. Qe2 Qc7 11. f4 Ne4 12. c4 Nxd2 13. Qxd2 Nf6 14. Rac1 dxc4 15. Nxc4 Qe7 16. Nxd6 Qxd6 17. dxc5 Qd5 18. Qe2 bxc5 19. Bxf6 gxf6 20. Rcd1 f5 21. Rf3 Qc6 22. Rh3 f6 23. Bb5 Qe4 24. Rd7 Rad8 25. Rg3+ 1-0

[Event "WJCC U20 Girls 2019"]
[Site "New Delhi"]
[Date "2019.10.24"]
[Round "10.42"]
[White "Abdala Cancino, Patricia Anastas"]
[Black "Yaakub, Nov Genevia Pslam"]
[Result "1-0"]
[WhiteElo "1608"]
[BlackElo "1316"]
[Annotator "NA RC"]
[PlyCount "97"]
[EventDate "2019.10.15"]
[EventType "swiss"]
[EventCountry "IND"]
[SourceTitle "playchess.com"]
[Source "ChessBase"]
[SourceQuality "1"]

1. e4 e5 2. Nf3 Nc6 3. d4 exd4 4. Bc4 h6 5. O-O d6 6. Nxd4 Ne5 7. Bb3 Nf6 8. f4 Ng6 9. Re1 Be7 10. e5 dxe5 11. fxe5 Nd5 12. e6 fxe6 13. Nxe6 Bxe6 14. Rxe6 Ngf4 15. Re4 c6 16. c4 Qb6+ 17. Kh1 Qf2 18. Qg1 Nd3 19. cxd5 cxd5 20. Rxe7+ Kxe7 21. Nc3 Qxg1+ 22. Kxg1 d4 23. Nd5+ Kd6 24. Bd2 a5 25. Nb6 Ra6 26. Nc4+ Kc7 27. Bxa5+ Kc6 28. Bd2 Re8 29. Bc2 Nc5 30. b4 Ne4 31. Be1 b5 32. Na5+ Kc7 33. Bd3 Rb6 34. Rc1+ Kd7 35. Nb3 Nf6 36. Nxd4 Re5 37. Bxb5+ Rbxb5 38. Nxb5 Rxb5 39. a4 Rb7 40. b5 Nd5 41. Rc5 Kd6 42. Rc6+ Kd7 43. Rg6 Kc8 44. Rc6+ Kd7 45. Bg3 Ke8 46. Re6+ Kf7 47. Rc6 Ke8 48. Rc5 Rd7 49. a5 1-0

[Event "WJCC U20 Girls 2019"]
[Site "New Delhi"]
[Date "2019.10.24"]
[Round "10.43"]
[White "Reid, Caitlin"]
[Black "Jayaweera, Sayuni Gihansa"]
[Result "0-1"]
[WhiteElo "1489"]
[BlackElo "1788"]
[Annotator "NA RC"]
[PlyCount "69"]
[EventDate "2019.10.15"]
[EventType "swiss"]
[EventCountry "IND"]
[SourceTitle "playchess.com"]
[Source "ChessBase"]
[SourceQuality "1"]

1. e4 c5 2. c3 g6 3. d4 cxd4 4. Qxd4 Nf6 5. Bf4 Nc6 6. Qe3 Bg7 7. Be2 d5 8. e5 d4 9. cxd4 Nxd4 10. Na3 Nf5 11. Bb5+ Bd7 12. Qd3 Qa5+ 13. Bd2 Bxb5 14. Nxb5 Rd8 15. Bxa5 Rxd3 16. exf6 Bxf6 17. Ne2 O-O 18. Nxa7 Rd6 19. Nb5 Rd5 20. a4 Ra8 21. Nc7 Raxa5 22. Nxd5 Rxd5 23. O-O Rd2 24. Rfe1 Nd4 25. Nxd4 Bxd4 26. Rxe7 Rxf2 27. h3 Re2+ 28. Kh2 Rxe7 29. Rb1 Re2 30. b4 Rb2 31. Rxb2 Bxb2 32. Kg3 Kf8 33. Kf4 Bc3 34. b5 f6 35. Ke4 0-1

[Event "WJCC U20 Girls 2019"]
[Site "New Delhi"]
[Date "2019.10.25"]
[Round "11.1"]
[White "Song, Yuxin"]
[Black "Shuvalova, Polina"]
[Result "1/2-1/2"]
[WhiteElo "2292"]
[BlackElo "2412"]
[Annotator "TA"]
[PlyCount "60"]
[EventDate "2019.10.15"]
[EventType "swiss"]
[EventCountry "IND"]
[SourceTitle "playchess.com"]
[Source "ChessBase"]
[SourceQuality "1"]

1. e4 e5 2. Nf3 Nc6 3. Bb5 a6 4. Ba4 Nf6 5. O-O Be7 6. Re1 b5 7. Bb3 O-O 8. a4 b4 9. d4 d6 10. dxe5 Nxe5 11. Nxe5 dxe5 12. Qxd8 Rxd8 13. Nd2 Bc5 14. Nf3 Ng4 15. Be3 Bxe3 16. fxe3 Be6 17. Bxe6 fxe6 18. h3 Nf6 19. Rad1 Rd6 20. Nxe5 Rad8 21. Rxd6 Rxd6 22. Nd3 Nxe4 23. Nxb4 c5 24. Nd3 c4 25. Nf2 Nc5 26. Rd1 Rb6 27. Rd4 Nxa4 28. Nd1 Nxb2 29. Nxb2 Rxb2 30. Rxc4 Kf7 1/2-1/2

[Event "WJCC U20 Girls 2019"]
[Site "New Delhi"]
[Date "2019.10.25"]
[Round "11.2"]
[White "Alinasab, Mobina"]
[Black "Assaubayeva, Bibisara"]
[Result "1-0"]
[WhiteElo "2239"]
[BlackElo "2381"]
[Annotator "TA"]
[PlyCount "133"]
[EventDate "2019.10.15"]
[EventType "swiss"]
[EventCountry "IND"]
[SourceTitle "playchess.com"]
[Source "ChessBase"]
[SourceQuality "1"]

1. e4 e5 2. Nf3 Nc6 3. Bb5 a6 4. Ba4 Nf6 5. O-O Be7 6. Re1 b5 7. Bb3 d6 8. c3 O-O 9. d4 Bg4 10. Be3 Bh5 11. Nbd2 Na5 12. Bc2 Ng4 13. Nf1 Nxe3 14. Nxe3 Bg5 15. b3 exd4 16. cxd4 Nc6 17. g4 Bxe3 18. gxh5 Bf4 19. Kh1 Qd7 20. e5 dxe5 21. Qd3 f5 22. dxe5 Qe8 23. Qc3 Ne7 24. Qd4 Bh6 25. Rad1 Qc6 26. Qd3 Rad8 27. Qe2 Bf4 28. a4 Bd2 29. axb5 axb5 30. Rg1 Qxc2 31. Rxd2 Rxd2 32. Qxd2 Qxd2 33. Nxd2 Rd8 34. Nf3 h6 35. Rc1 c6 36. e6 Rd6 37. Re1 Kf8 38. Kg2 g5 39. hxg6 Nxg6 40. Ra1 Nf4+ 41. Kg3 Nxe6 42. Ne5 Nd4 43. Kf4 Nxb3 44. Ra8+ Ke7 45. Kxf5 Rf6+ 46. Ke4 Nc5+ 47. Ke3 Kd6 48. f4 Ne6 49. Nd3 Rf5 50. Ra2 Nc7 51. Ke4 Rf8 52. Rg2 Nd5 53. Rg6+ Rf6 54. f5 c5 55. Rg8 Nc3+ 56. Kf4 c4 57. Ne5 Kd5 58. Ng4 Rd6 59. f6 Ke6 60. Re8+ Kf7 61. Re7+ Kf8 62. Rb7 h5 63. Ke5 Rd1 64. Ke6 Rd8 65. Rf7+ Ke8 66. Re7+ Kf8 67. Ne5 1-0

[Event "WJCC U20 Girls 2019"]
[Site "New Delhi"]
[Date "2019.10.25"]
[Round "11.3"]
[White "Berdnyk, Mariia"]
[Black "Priyanka Nutakki"]
[Result "1-0"]
[WhiteElo "2349"]
[BlackElo "2248"]
[Annotator "TA"]
[PlyCount "105"]
[EventDate "2019.10.15"]
[EventType "swiss"]
[EventCountry "IND"]
[SourceTitle "playchess.com"]
[Source "ChessBase"]
[SourceQuality "1"]

1. d4 d5 2. c4 e6 3. Nf3 Nf6 4. g3 Be7 5. Bg2 O-O 6. O-O dxc4 7. Qc2 a6 8. a4 Bd7 9. Qxc4 Bc6 10. Bf4 a5 11. Nc3 Na6 12. Rac1 Nb4 13. Ne5 Bxg2 14. Kxg2 Nfd5 15. Nxd5 Nxd5 16. Bd2 c6 17. b3 Bd6 18. Nd3 Qe7 19. e4 Nb6 20. Qc3 f5 21. f3 Qf7 22. Rce1 h6 23. Bf4 Bxf4 24. Nxf4 g5 25. Nd3 fxe4 26. fxe4 Qh7 27. Nc5 Qe7 28. b4 axb4 29. Qb3 Kh8 30. Nxe6 Rxf1 31. Rxf1 Nxa4 32. d5 Nc3 33. Qc4 cxd5 34. Qd4+ Kg8 35. exd5 Re8 36. Rf6 Qh7 37. Qf2 Qd7 38. Rf8+ Rxf8 39. Qxf8+ Kh7 40. Qf5+ Kh8 41. Qf6+ Kg8 42. Qg6+ Kh8 43. Qxh6+ Kg8 44. Qxg5+ Kh8 45. Qh6+ Kg8 46. Qg6+ Kh8 47. d6 b3 48. Qh6+ Kg8 49. Qf8+ Kh7 50. Qe7+ Qxe7 51. dxe7 b2 52. e8=Q b1=Q 53. Qf7+ 1-0

[Event "WJCC U20 Girls 2019"]
[Site "New Delhi"]
[Date "2019.10.25"]
[Round "11.4"]
[White "Solozhenkina, Elizaveta"]
[Black "Dordzhieva, Dinara"]
[Result "1-0"]
[WhiteElo "2283"]
[BlackElo "2335"]
[Annotator "TA"]
[PlyCount "165"]
[EventDate "2019.10.15"]
[EventType "swiss"]
[EventCountry "IND"]
[SourceTitle "playchess.com"]
[Source "ChessBase"]
[SourceQuality "1"]

1. e4 c5 2. Nf3 e6 3. Nc3 a6 4. d4 cxd4 5. Nxd4 b5 6. Bd3 Qb6 7. Nf3 Qc7 8. O-O Nc6 9. Re1 Nge7 10. Bxb5 Ng6 11. Bf1 Bd6 12. h3 Bb7 13. Be3 O-O 14. a3 Nce5 15. Nxe5 Bxe5 16. Bd4 Bh2+ 17. Kh1 f5 18. Qd3 Bd6 19. Rad1 fxe4 20. Nxe4 Be7 21. Qc3 Qf4 22. Ng3 Rac8 23. Qb3 Bd5 24. c4 Bc6 25. Bxg7 Qxf2 26. Bxf8 Rxf8 27. Ne4 Qh4 28. Qg3 Rf4 29. Qxh4 Bxh4 30. Nc5 Bxe1 31. Rxe1 a5 32. Kg1 a4 33. Bd3 Rd4 34. Be4 Rxc4 35. Bxc6 dxc6 36. Nxe6 Rc2 37. Re4 Rxb2 38. Rxa4 Ne5 39. Ra7 h6 40. a4 Nc4 41. a5 Ra2 42. a6 Nd6 43. Rg7+ Kh8 44. Rg6 Rxa6 45. Rxh6+ Kg8 46. Kh2 Nf5 47. Rf6 Ne3 48. Rf3 Nd5 49. Rf8+ Kh7 50. Rc8 Ne3 51. g4 Nd5 52. Nd4 Ra2+ 53. Kg3 Ra3+ 54. Nf3 Rc3 55. h4 c5 56. h5 Nf6 57. Rc7+ Kg8 58. h6 Rc4 59. Rg7+ Kf8 60. Ne5 Re4 61. Rf7+ Kg8 62. Rxf6 Rxe5 63. Kf4 Rd5 64. Rf5 Rd6 65. g5 Rc6 66. Rf6 Rc8 67. Ke3 c4 68. Kd2 Kh7 69. Kc3 Rc5 70. Rf7+ Kg8 71. h7+ Kh8 72. g6 Rc8 73. Re7 Rd8 74. Re6 Rc8 75. Re4 Kg7 76. Rxc4 Rd8 77. Rc6 Kh8 78. Kc4 Kg7 79. Kc5 Kh8 80. Kb6 Kg7 81. Kb7 Rd7+ 82. Rc7 Kh8 83. Kb8 1-0

[Event "WJCC U20 Girls 2019"]
[Site "New Delhi"]
[Date "2019.10.25"]
[Round "11.5"]
[White "Aakanksha Hagawane"]
[Black "Antova, Gabriela"]
[Result "1-0"]
[WhiteElo "2181"]
[BlackElo "2318"]
[Annotator "RC"]
[PlyCount "93"]
[EventDate "2019.10.15"]
[EventType "swiss"]
[EventCountry "IND"]
[SourceTitle "playchess.com"]
[Source "ChessBase"]
[SourceQuality "1"]

1. e4 c5 2. Nf3 d6 3. d4 cxd4 4. Nxd4 Nf6 5. Nc3 a6 6. h3 e6 7. g4 h6 8. Bg2 Qc7 9. O-O Nc6 10. Nxc6 bxc6 11. Bf4 e5 12. Be3 Be7 13. Rb1 a5 14. Qd2 Be6 15. f4 exf4 16. Bxf4 O-O 17. Kh1 Nd7 18. b3 Ne5 19. Rbd1 Rad8 20. Qf2 Qb8 21. Ne2 Ng6 22. Bg3 Qc8 23. Nd4 d5 24. Nxc6 Qxc6 25. exd5 Qd7 26. Qe2 Bxd5 27. Rxd5 Qa7 28. c4 a4 29. Rxd8 Bxd8 30. Bd6 Be7 31. Bxe7 Nxe7 32. b4 Ng6 33. c5 Rd8 34. c6 Qc7 35. Qf2 Ne5 36. b5 Nc4 37. Qf4 Nd6 38. Qxa4 Qb6 39. Rb1 Re8 40. Qf4 Qc5 41. Rc1 Qa3 42. b6 g5 43. Qf1 h5 44. b7 hxg4 45. c7 gxh3 46. c8=Q hxg2+ 47. Qxg2 1-0

[Event "WJCC U20 Girls 2019"]
[Site "New Delhi"]
[Date "2019.10.25"]
[Round "11.6"]
[White "Tsolakidou, Stavroula"]
[Black "Munkhzul, Turmunkh"]
[Result "1/2-1/2"]
[WhiteElo "2431"]
[BlackElo "2332"]
[Annotator "TA"]
[PlyCount "93"]
[EventDate "2019.10.15"]
[EventType "swiss"]
[EventCountry "IND"]
[SourceTitle "playchess.com"]
[Source "ChessBase"]
[SourceQuality "1"]

1. d4 Nf6 2. c4 e6 3. g3 d5 4. Bg2 Be7 5. Nf3 O-O 6. O-O dxc4 7. Qc2 a6 8. a4 Bd7 9. Qxc4 Bc6 10. Bf4 Nbd7 11. Nc3 Nb6 12. Qd3 Nbd5 13. Bg5 Nxc3 14. bxc3 Be4 15. Qe3 Bd5 16. Qf4 Nh5 17. Qh4 Bxg5 18. Nxg5 h6 19. Qxh5 Qxg5 20. Qxg5 hxg5 21. Rfb1 Bxg2 22. Kxg2 b6 23. Rb4 Rfc8 24. Rc4 Kf8 25. a5 b5 26. Rc6 Ke7 27. c4 f6 28. d5 exd5 29. cxd5 Kd7 30. Rac1 b4 31. e4 b3 32. Rb1 Rcb8 33. Rc3 Rb5 34. Rbxb3 Rxa5 35. Rb7 Rc8 36. Ra7 g4 37. h3 Ra4 38. Rd3 gxh3+ 39. Kxh3 Rxe4 40. d6 Rc4 41. Rxa6 cxd6 42. Raxd6+ Ke7 43. Rd7+ Kf8 44. f4 R4c7 45. Kg4 Rxd7 46. Rxd7 Rc5 47. Ra7 1/2-1/2

[Event "WJCC U20 Girls 2019"]
[Site "New Delhi"]
[Date "2019.10.25"]
[Round "11.7"]
[White "Zhu, Jiner"]
[Black "Li, Yunshan"]
[Result "0-1"]
[WhiteElo "2507"]
[BlackElo "2289"]
[Annotator "TA"]
[PlyCount "58"]
[EventDate "2019.10.15"]
[EventType "swiss"]
[EventCountry "IND"]
[SourceTitle "playchess.com"]
[Source "ChessBase"]
[SourceQuality "1"]

1. e4 c6 2. d4 d5 3. e5 c5 4. dxc5 e6 5. Bd3 Nd7 6. Nf3 Nxc5 7. O-O Ne7 8. Nc3 Nc6 9. Re1 Nxd3 10. Qxd3 Be7 11. Nb5 O-O 12. Bf4 Qb6 13. a3 Bd7 14. Nbd4 Nxd4 15. Nxd4 Bc5 16. Be3 Qc7 17. f4 f6 18. exf6 Rxf6 19. g3 e5 20. fxe5 Qxe5 21. c3 Rg6 22. Bf2 Qh5 23. Qe2 Bg4 24. Qe5 Rg5 25. Qc7 Bb6 26. Qe7 Rf8 27. Be3 Re5 28. Qb4 Bf3 29. Qd6 Bxd4 0-1

[Event "WJCC U20 Girls 2019"]
[Site "New Delhi"]
[Date "2019.10.25"]
[Round "11.8"]
[White "Divya Deshmukh"]
[Black "Avetisyan, Mariam"]
[Result "1/2-1/2"]
[WhiteElo "2358"]
[BlackElo "2110"]
[Annotator "TA"]
[PlyCount "42"]
[EventDate "2019.10.15"]
[EventType "swiss"]
[EventCountry "IND"]
[SourceTitle "playchess.com"]
[Source "ChessBase"]
[SourceQuality "1"]

1. d4 d5 2. c4 e6 3. Nc3 Be7 4. Nf3 Nf6 5. g3 O-O 6. Bg2 dxc4 7. Ne5 Nc6 8. Bxc6 bxc6 9. Nxc6 Qe8 10. Nxe7+ Qxe7 11. Qa4 c5 12. Qxc4 cxd4 13. Qxd4 e5 14. Qh4 Rb8 15. a3 Qe6 16. O-O Ra8 17. Rb1 Rb8 18. Ra1 Ra8 19. Rb1 Rb8 20. Ra1 Ra8 21. Rb1 Rb8 1/2-1/2

[Event "WJCC U20 Girls 2019"]
[Site "New Delhi"]
[Date "2019.10.25"]
[Round "11.9"]
[White "Yakubbaeva, Nilufar"]
[Black "Dwilewicz, Katarzyna"]
[Result "1-0"]
[WhiteElo "2281"]
[BlackElo "2106"]
[Annotator "TA"]
[PlyCount "83"]
[EventDate "2019.10.15"]
[EventType "swiss"]
[EventCountry "IND"]
[SourceTitle "playchess.com"]
[Source "ChessBase"]
[SourceQuality "1"]

1. d4 Nf6 2. c4 g6 3. Nc3 Bg7 4. e4 O-O 5. h3 d6 6. Be3 c5 7. d5 e6 8. Nf3 exd5 9. exd5 Bf5 10. Bd3 Qd7 11. O-O Re8 12. Bxf5 Qxf5 13. Qb3 b6 14. Rae1 Na6 15. Nb5 Qd7 16. Bf4 Bf8 17. Nd2 Nc7 18. Nxc7 Qxc7 19. Qf3 Bg7 20. g4 Nd7 21. b3 Rab8 22. Ne4 Ne5 23. Qg3 f6 24. Bd2 a6 25. f4 Nf7 26. Qh4 Qd8 27. Bc3 f5 28. Nf6+ Bxf6 29. Rxe8+ Qxe8 30. Qxf6 Qe3+ 31. Kg2 Ne5 32. Qe6+ Kg7 33. Qe7+ Kg8 34. fxe5 Qxc3 35. exd6 Qc2+ 36. Rf2 Qe4+ 37. Qxe4 fxe4 38. Rf6 b5 39. Re6 Kf7 40. g5 bxc4 41. bxc4 Rb2+ 42. Kg3 1-0

[Event "WJCC U20 Girls 2019"]
[Site "New Delhi"]
[Date "2019.10.25"]
[Round "11.10"]
[White "Katkov, Michelle"]
[Black "Arpita, Mukherjee"]
[Result "1-0"]
[WhiteElo "2106"]
[BlackElo "2271"]
[Annotator "TA"]
[PlyCount "69"]
[EventDate "2019.10.15"]
[EventType "swiss"]
[EventCountry "IND"]
[SourceTitle "playchess.com"]
[Source "ChessBase"]
[SourceQuality "1"]

1. e4 c5 2. c3 d5 3. exd5 Qxd5 4. d4 g6 5. Nf3 Bg7 6. Be3 cxd4 7. cxd4 Qd8 8. Bc4 Nh6 9. h3 Nf5 10. Nc3 O-O 11. O-O Nd7 12. Re1 h6 13. Qe2 Nb6 14. Bb3 e6 15. Rad1 Ne7 16. Ne5 Nbd5 17. Bc1 Kh7 18. Qf3 a6 19. h4 f5 20. h5 g5 21. Nxd5 Nxd5 22. Bxd5 exd5 23. b3 Qd6 24. Ng6 Rf7 25. Re8 b5 26. Qe2 f4 27. Re1 f3 28. Qe3 Rb8 29. Ne7 Bf5 30. Nxf5 Rxe8 31. Nxd6 Rxe3 32. Bxe3 Rc7 33. Nf5 Bf6 34. Rc1 Rxc1+ 35. Bxc1 1-0

[Event "WJCC U20 Girls 2019"]
[Site "New Delhi"]
[Date "2019.10.25"]
[Round "11.11"]
[White "Nastase, Andreea-Cristina"]
[Black "Protopopova, Anastasiya"]
[Result "0-1"]
[WhiteElo "2077"]
[BlackElo "2263"]
[Annotator "TA"]
[PlyCount "42"]
[EventDate "2019.10.15"]
[EventType "swiss"]
[EventCountry "IND"]
[SourceTitle "playchess.com"]
[Source "ChessBase"]
[SourceQuality "1"]

1. d4 Nf6 2. c4 e6 3. Nc3 Bb4 4. e3 O-O 5. Nge2 Re8 6. a3 Bf8 7. Ng3 d6 8. Bd3 e5 9. O-O a5 10. d5 g6 11. e4 h5 12. Bg5 Be7 13. Be2 Nh7 14. Bxe7 Qxe7 15. Bxh5 gxh5 16. Nxh5 Qh4 17. Ng3 Na6 18. f4 exf4 19. Qf3 Nc5 20. Qxf4 Qxf4 21. Rxf4 Re7 0-1

[Event "WJCC U20 Girls 2019"]
[Site "New Delhi"]
[Date "2019.10.25"]
[Round "11.12"]
[White "Diakonova, Ekaterina"]
[Black "Lakshmi C"]
[Result "1-0"]
[WhiteElo "2231"]
[BlackElo "1859"]
[Annotator "TA"]
[PlyCount "146"]
[EventDate "2019.10.15"]
[EventType "swiss"]
[EventCountry "IND"]
[SourceTitle "playchess.com"]
[Source "ChessBase"]
[SourceQuality "1"]

1. e4 c5 2. Nf3 Nc6 3. d4 cxd4 4. Nxd4 Nf6 5. Nc3 e5 6. Ndb5 d6 7. Bg5 a6 8. Na3 b5 9. Nd5 Be7 10. Bxf6 Bxf6 11. c3 Ne7 12. Nxf6+ gxf6 13. Nc2 Bb7 14. Bd3 f5 15. exf5 e4 16. Be2 Nxf5 17. Ne3 Nxe3 18. fxe3 Qb6 19. Qd2 O-O 20. O-O f5 21. Rf4 Rf6 22. Raf1 Qc5 23. Bd1 Raf8 24. Bb3+ Kg7 25. Rd1 Bc6 26. Kf2 Qe5 27. Qd4 Qxd4 28. Rxd4 a5 29. Kg1 Bd7 30. Rf2 Rb8 31. Rfd2 Rb6 32. Bd1 Be6 33. a4 Bc4 34. axb5 Bxb5 35. Rd5 a4 36. g3 Bc4 37. Ra5 Bb3 38. Bxb3 axb3 39. Rdd5 Rf8 40. Kf2 Kg6 41. Ke2 Kg5 42. h3 h5 43. Kd2 Kg6 44. h4 Rc6 45. Rdb5 Rc5 46. Rxc5 dxc5 47. c4 Rd8+ 48. Ke2 Kf6 49. Rxc5 Rg8 50. Rb5 Rxg3 51. Rxb3 f4 52. c5 Rg2+ 53. Kf1 f3 54. Rb6+ Kf5 55. b4 Rc2 56. Kg1 Kg4 57. Rg6+ Kh3 58. c6 Rc1+ 59. Kf2 Rc2+ 60. Ke1 Rc1+ 61. Kd2 f2 62. Rf6 Rxc6 63. Rxf2 Rc4 64. b5 Kxh4 65. Rf8 Kh3 66. b6 Rb4 67. Rb8 h4 68. Kc3 Rb1 69. b7 Kh2 70. Kd4 Rb4+ 71. Kc5 Rb1 72. Kc6 h3 73. Rg8 Kh1 1-0

[Event "WJCC U20 Girls 2019"]
[Site "New Delhi"]
[Date "2019.10.25"]
[Round "11.13"]
[White "Tsotsonava, Elene"]
[Black "Kiolbasa, Oliwia"]
[Result "0-1"]
[WhiteElo "1905"]
[BlackElo "2223"]
[Annotator "RC"]
[PlyCount "76"]
[EventDate "2019.10.15"]
[EventType "swiss"]
[EventCountry "IND"]
[SourceTitle "playchess.com"]
[Source "ChessBase"]
[SourceQuality "1"]

1. e4 e5 2. Nf3 Nc6 3. Bb5 a6 4. Ba4 Nf6 5. O-O Be7 6. Re1 b5 7. Bb3 d6 8. c3 O-O 9. h3 a5 10. a4 b4 11. d4 bxc3 12. bxc3 exd4 13. cxd4 d5 14. e5 Ne4 15. Ba3 Nb4 16. Nbd2 Bf5 17. Nf1 c6 18. Ne3 Bg6 19. Qe2 Rb8 20. Rec1 Qd7 21. Nd2 Rfc8 22. Nxe4 Bxe4 23. f3 Bg6 24. Kh1 Nd3 25. Rc3 Nf4 26. Qf1 Bxa3 27. Rxa3 Qa7 28. Qd1 Ne6 29. Qc1 Nxd4 30. Bd1 Rb1 31. Qd2 Rcb8 32. Qe1 h6 33. Qh4 Nf5 34. Qe1 Nxe3 35. Rxe3 Qd4 36. Rab3 R8xb3 37. Rxb3 Rxd1 38. Rb8+ Kh7 0-1